000 00626nam a2200217Ia 4500
001 7359
003 GE_BSU
008 181216s||||||||xx |||||||||||||| ||und||
040 _cGE_BSU
080 _a624.2/.8
100 _aГибшман,Е.Е.
245 _aПроектирование металлических мостов.
245 _bУчебник.
245 _cРед. К.М.Ивановская
260 _aМ.
260 _bТранспорт.
260 _c1969.
300 _a416стр.с илл.27см.
653 _aПроектирование металлических мостов.
942 _cBK
999 _c40722
_d40722